000 00891nam a22002777a 4500
001 BR7908756
003 BR-BrBNA
005 20230928090408.0
007 ta
008 230509b bl.||||| |||| 00| 0 por d
040 _aBR-BrBNA
_bpor
_cBiblioteca Nacional de Agricultura
041 _a(Por)
072 _aC00
_b/G514
090 _ C00 BR7908756
100 1 _aMussoi, E.M.
100 1 _aOliveira, J.A.V. de
110 1 _aAssociacao de Credito e Assistencia Rural do Estado de Santa Catarina, Florianopolis (Brasil)
_9468
245 1 _aEstagio em propriedades agricolas para tecnicos ingressantes no servico de extensao rural - a experiencia de Santa Catarina [Brasil]
260 3 _aFlorianopolis, SC (Brasil):
_c1979.
300 _a32 p.
650 _aEXTENSAO RURAL
650 _aEDUCACAO
650 _aSANTA CATARINA
909 _a202309
_bLucia
_c55
_dLucia Elande
942 _cBK
999 _c28689
_d28689